Quantitative methods for business studies / (Record no. 76)

MARC details
000 -LEADER
fixed length control field 00756cam a22002292 4500
001 - CONTROL NUMBER
control field 0000000209
005 - DATE AND TIME OF LATEST TRANSACTION
control field 20151021151040.0
008 - FIXED-LENGTH DATA ELEMENTS--GENERAL INFORMATION
fixed length control field 070117s xx 000 0 eng d
020 ## - INTERNATIONAL STANDARD BOOK NUMBER
International Standard Book Number 013231119 :
Terms of availability KES 3,950
040 ## - CATALOGING SOURCE
Original cataloging agency KABU
Transcribing agency KABU
050 #0 - LIBRARY OF CONGRESS CALL NUMBER
Classification number HF1017
Item number .T46
100 1# - MAIN ENTRY--PERSONAL NAME
Personal name Thomas, Richard.
-- 0000161067
245 10 - TITLE STATEMENT
Title Quantitative methods for business studies /
Statement of responsibility, etc. Richard Thomas.
260 ## - PUBLICATION, DISTRIBUTION, ETC. (IMPRINT)
Place of publication, distribution, etc. Harlow, England :
Name of publisher, distributor, etc. Prentice Hall,
Date of publication, distribution, etc. 1997.
300 ## - PHYSICAL DESCRIPTION
Extent xiii, 517 p.
650 #0 - SUBJECT ADDED ENTRY--TOPICAL TERM
Topical term or geographic name as entry element Commercial statistics.
-- 0000149884
908 ## - PUT COMMAND PARAMETER (RLIN)
Put command parameter 070117
950 ## - LOCAL HOLDINGS (RLIN)
-- 1
Holdings
Withdrawn status Lost status Source of classification or shelving scheme Not for loan Home library Current library Date acquired Total Checkouts Full call number Barcode Date last seen Price effective from Koha item type Total Renewals Date last checked out
    Library of Congress Classification   Kabarak, Nakuru City Campus Kabarak, Main Campus 21/10/2015 5 HF1071 .T46 005463 27/03/2023 21/10/2015 General Collection 1 14/03/2023
    Library of Congress Classification   Kabarak, Main Campus Kabarak, Main Campus 17/12/2015   HF1017 .T46 c. 1   17/12/2015 17/12/2015 General Collection    
    Library of Congress Classification   Kabarak, Nakuru City Campus Kabarak, Nakuru City Campus 21/10/2015   HF1071 .T46 005462 21/10/2015 21/10/2015 General Collection    
    Library of Congress Classification   Kabarak, Nakuru City Campus Kabarak, Nakuru City Campus 21/10/2015 6 HF1071 .T46 005464 22/02/2019 21/10/2015 General Collection   07/02/2019
Designed with assistance from East African Informatics Ltd